Laporan PPM K006/2026 : Laporan Orientasi Dalaman/Sangkutan Kakitangan Baharu Pembantu Khidmat Am H1 Di Pusat Penyelidikan Mineral , pada April 2026 / (Record no. 27238)

000 -LEADER
fixed length control field 00779nam a22001817a 4500
001 - CONTROL NUMBER
control field 0000000888
003 - CONTROL NUMBER IDENTIFIER
control field PPM
005 - DATE AND TIME OF LATEST TRANSACTION
control field 20260429095236.0
008 - FIXED-LENGTH DATA ELEMENTS--GENERAL INFORMATION
fixed length control field 260429b ||||| |||| 00| 0 eng d
020 ## - INTERNATIONAL STANDARD BOOK NUMBER
Qualifying information Paperback
035 ## - SYSTEM CONTROL NUMBER
System control number 0000000888
040 ## - CATALOGING SOURCE
Language of cataloging Malay
Transcribing agency Pusat Penyelidikan Mineral, Jabtan Mineral Dan Geosains Malaysia
Modifying agency PPM
Description conventions RDA
100 1# - MAIN ENTRY--PERSONAL NAME
Personal name Nor Farah Wahida bt Mohd Khaludin
Relator term author
245 10 - TITLE STATEMENT
Title Laporan PPM K006/2026 : Laporan Orientasi Dalaman/Sangkutan Kakitangan Baharu Pembantu Khidmat Am H1 Di Pusat Penyelidikan Mineral , pada April 2026 /
Statement of responsibility, etc. oleh Nor Farah Wahida bt Mohd Khaludin
260 #1 - PUBLICATION, DISTRIBUTION, ETC.
Place of publication, distribution, etc. Perak :
Name of publisher, distributor, etc. Pusat Penyelidikan Mineral, Jabtan Mineral Dan Geosains Malaysia
Date of publication, distribution, etc. 2026
300 00 - PHYSICAL DESCRIPTION
Extent 26 pages .:
Other physical details some colour, illustrations .;
Dimensions 29 cm
942 ## - ADDED ENTRY ELEMENTS (KOHA)
Source of classification or shelving scheme
Koha item type Reports
Holdings
Withdrawn status Lost status Source of classification or shelving scheme Damaged status Not for loan Collection code Permanent Location Current Location Shelving location Date acquired Total Checkouts Date last seen Price effective from Koha item type
Available         Report PPM PPM Report 29/04/2026   29/04/2026 29/04/2026 Reports